000 00524nam a22002297a 4500
003 UA-OsUOA
001 29006
007 ta
008 20050520b un ||||| |||| 00| 0 ukr d
090 _a94(47+571)
_bП48
942 _cBK
040 _aUA-OsUOA
_brus
_cUA-OsUOA
_dUA-OsUOA
245 _aРусская история в самом сжатом очерке
300 _a671 с.
955 _a0
041 _arus
080 _a94(47+571)
260 _c1967
044 _aRU
650 7 _2UDC
999 _c315383
_d315383